Songs released in 2025 - Statistics

General Stats
  • This quiz has been taken 20 times
  • The average score is 5 of 10
Answers on the Grid
Answers color-coded by a green-red scale on the quiz's grid according to % correct below.
Beautiful Things - Benson Boone
Fate of Ophelia - Taylor swift
Bar song - Shaboozey
Espresso - Sabrina carpenter
Opalite - Taylor Swift
Baby - Justin Beiber
Die with a smile - Bruno mars
APT. - Bruno mars
Ordinary - Alex Warren
12 to 12 - Sombr
Fein - Travis Scott
Back to friends - Sombr
Manchild - Sabrina Carpenter
ANXIETY - Sleepy Hallow
CHANEL - Tyla
Love Hate Thing - Wale
Burn - Ellie Goulding
Close to me - Ellie Goulding
TYRANT - Beyoncé
WHERE IS MY HUSBAND - RAYE!
Man I Need - Olivia Dean
Azizam - Ed Sheeran
Sapphire - Ed Sheeran
Please Please Please - Sabrina Carpenter
Lush Life - Zara Larsson
Apple - Charlie XCX
In the Stars - Benson Boone
Lose Control - Teddy Swims
 
Answer Stats
Answer % Correct
Ordinary - Alex Warren
62%
Fate of Ophelia - Taylor swift
54%
Man I Need - Olivia Dean
54%
12 to 12 - Sombr
46%
Azizam - Ed Sheeran
46%
CHANEL - Tyla
46%
Opalite - Taylor Swift
46%
WHERE IS MY HUSBAND - RAYE!
46%
Sapphire - Ed Sheeran
38%
Manchild - Sabrina Carpenter
31%
No matching quizzes found
Score Distribution
Percent of People with Each Score
Percentile by Number Answered
Your Score History
You have not taken this quiz